| 000 | 00442nam a22001697a 4500 | ||
|---|---|---|---|
| 003 | NUST - PNEC | ||
| 005 | 20170116180931.0 | ||
| 008 | 150905b xxu||||| |||| 00| 0 eng d | ||
| 020 | _a8120307755 | ||
| 040 | _cLIBRARY | ||
| 082 | _a621.31042 KOS | ||
| 100 |
_98268 _aKosow, Irving L. |
||
| 245 |
_aElectric machinery & transformers _cIrving L. Kosow |
||
| 260 | _cc.1991 | ||
| 650 |
_98272 _aElectrical engineering _xEE |
||
| 942 |
_2ddc _cBK |
||
| 999 |
_c65917 _d65917 |
||